书目信息 |
| 题名: |
文献工作国家标准汇编
|
|
| 作者: | ;全国文献工作标准化技术委员会 编 | |
| 分册: | 3 | |
| 出版信息: | 北京 中国标准出版社 1988 |
|
| 页数: | 277页 | |
| 开本: | 26cm | |
| 丛书名: | ||
| 单 册: | ||
| 中图分类: | G359.22-65 | |
| 科图分类: | ||
| 主题词: | 文献-国家标准--中国--汇编 , 国家标准-文献--中国--汇编 | |
| 电子资源: | ||
| ISBN: | ||
| 000 | 00784nam0 2200241 45 | |
| 001 | 0185003339 | |
| 005 | 20060802155109.81 | |
| 010 | @dCNY6.65 | |
| 091 | @aCN@b15169.3-341 | |
| 100 | @a19900816d1988 emky0chiy0121 ea | |
| 101 | 0 | @achi |
| 102 | @aCN@b110000 | |
| 105 | @af l 000yy | |
| 200 | 10 | @a文献工作国家标准汇编@Awen xian gong zuo guo jia biao zhun hui bian@h3@f全国文献工作标准化技术委员会编 |
| 210 | @a北京@c中国标准出版社@d1988 | |
| 215 | @a277页@c图表@d26cm | |
| 606 | @a文献-国家标准@y中国@x汇编 | |
| 606 | @a国家标准-文献@y中国@x汇编 | |
| 690 | @aG359.22-65@v3 | |
| 711 | 02 | @a全国文献工作标准化技术委员会@Aquan guo wen xian gong zuo biao zhun hua ji shu wei yuan hui@4编 |
| 801 | 2 | @aCN@bNLC@c20060802 |
| 801 | 0 | @aCN@bTSSF |
| 905 | @a10447@dG359.22-65@e95:3 | |
| 文献工作国家标准汇编.3/全国文献工作标准化技术委员会编.-北京:中国标准出版社,1988 |
| 277页:图表;26cm |
| ISBN :CNY6.65 |
| ● |
| 相关链接 |
|
|
|
|
正题名:文献工作国家标准汇编
索取号:G359.22-65/95:3
 
预约/预借
| 序号 | 登录号 | 条形码 | 馆藏地/架位号 | 状态 | 备注 |
| 1 | 0441918 | 204419183 | 密集书库/ [索取号:G359.22-65/95:3] | 在馆 | |
| 2 | 0441919 | 204419192 | 密集书库/ [索取号:G359.22-65/95:3] | 在馆 |